| 000 | 01303nam0a22002891 4500 | ||
|---|---|---|---|
| 001 | rc\2370537 | ||
| 005 | 20110829160126.7 | ||
| 035 | _a(NLR Aleph) 006687010 | ||
| 090 |
_a5122075 _c5122075 |
||
| 100 | _a20110829d1976 |||y0rusy50 ca | ||
| 101 | 0 | _arus | |
| 102 | _aRU | ||
| 105 | _aa z ||||| | ||
| 200 | 1 |
_aКинетические закономерности реакций в полиферментных системах _e(Метод. разраб. к спецкурсу "Физ. химия ферментов") _fС.Д. Варфоломеев _gПод общ. ред. чл.-кор. АН СССР, проф. И.В. Березина; Моск. гос. ун-т им. М.В. Ломоносова, Хим. фак., Кафедра хим. энзимологии |
|
| 210 |
_aМосква _cМГУ _d1976 |
||
| 215 |
_a180 с. _cил. _d20 |
||
| 320 | _aСписки лит. в конце глав | ||
| 606 |
_aФерментативные реакции _xКинетика _2psbo |
||
| 700 | 1 |
_aВарфоломеев _bС. Д. _gСергей Дмитриевич |
|
| 702 | 1 |
_aБерезин _bИ. В. _4340 |
|
| 801 | 0 |
_aRU _bNLR _gpsbo |
|
| 801 | 1 |
_aRU _bELAR _2rusmarc |
|
| 852 |
_aNLR _j77-3/6548 |
||
| 899 |
_aRuMoRGB _jБ 76-6/1241 |
||
| 899 |
_aRuMoRGB _jБ 76-6/1242 |
||
| 942 | _cBOOK | ||
| 980 | _aNB | ||